000 00204 a2200097 4500
001 32602
100 _a
245 _aOne hundred great lives
260 _aLondon
_bOdhams Books
_c
090 _c21816
_d21816
942 _aNUST-CAE
_cM
_c13132
999 _c267675
_d267675